000 00376nam a2200169Ia 4500
003 0STCL
008 150530s9999 xx 000 0 und d
040 _aSTCL
_cSTCL
100 _aSaraswathi Thankachi B
245 _aDwadasi
260 _bBharathi; Pappanamcode
_c1969
300 _a0
546 _aHindi
942 _2ddc
_cBK
999 _c63962
_d63962
005 20220125171235.0